000 00731nam a2200241 a 4500
008
020 _a071712164X
049 _aMAIN
090 _aHF1416
100 1 _aMacDonagh, Joseph
245 1 0 _aBehavioural science for marketing and business students /
_cJoseph MacDonagh and Rebecca Weldridge.
260 _aDublin :
_bGill & Macmillan ,
_c1994.
300 _a199 p. :
_bill. ;
_c23 cm.
500 _aIncludes index.
504 _aInlcudes bibliographical references.
650 _aBehavioural Science.
700 _aWeldridge, Rebecca.
907 _a.b10160346
_b31-01-06
_c21-03-05
003
005 20230123133957.0
040 _cNUST
942 _cBOOKS
_kHF1416
999 _c157902
_d157902